000 00700nam a2200229Ia 4500
001 9054
003 GE_BSU
008 181216s||||||||xx |||||||||||||| ||und||
040 _cGE_BSU
080 _a821.353.1–1
100 _aკუხიანიძე,ზურაბ
245 _aგულისცემა
245 _bლექსები
245 _cრედ.მ.ქოიავა,მხატვ.ო.ჯიშკარიანი
260 _aთბილისი
260 _bმერანი
260 _c1970
300 _a105გვ.1ფ.პორტრეტი,16სმ.
653 _aგულისცემა
653 _aლექსები
942 _cBK
999 _c42358
_d42358